Baleares / (Registro nro. 184648)

Detalles MARC
000 -LEADER
campo de control de longitud fija 00814nam a2200217 i 4500
001 - NÚMERO DE CONTROL
campo de control 184648
003 - IDENTIFICADOR DE NÚMERO DE CONTROL
campo de control ES-MaACL
005 - FECHA Y HORA DE LA ÚLTIMA TRANSACCIÓN
campo de control 20250905141659.0
008 - DATOS DE LONGITUD FIJA--INFORMACIÓN GENERAL
campo de control de longitud fija 151029s1967 sp |||| | spa d
100 1# - ENTRADA PRINCIPAL--NOMBRE DE PERSONA
Nombre de persona Muller, Nicolás,
Fechas asociadas al nombre 1913-2000
9 (RLIN) 84137
245 10 - MENCIÓN DEL TÍTULO
Título Baleares /
Mención de responsabilidad, etc. [Fotografias de Nicolás Muller ; ensayo preliminar de Lorenzo Villalonga ; texto de Esther Benitez].
260 ## - PUBLICACIÓN, DISTRIBUCIÓN, ETC.
Lugar de publicación, distribución, etc. Madrid :
Nombre del editor, distribuidor, etc. Clave,
Fecha de publicación, distribución, etc. [1967]
300 ## - DESCRIPCIÓN FÍSICA
Extensión 216 p. , 88 lám. ;
Dimensiones 24 cm.
490 1# - MENCIÓN DE SERIE
Mención de serie Colección "Imagen de España"
651 #4 - PUNTO DE ACCESO ADICIONAL DE MATERIA--NOMBRE GEOGRÁFICO
Nombre geográfico Baleares (Comunidad Autónoma)-
Subdivisión de forma Obras ilustradas.
9 (RLIN) 158042
700 1# - ENTRADA AGREGADA--NOMBRE PERSONAL
Nombre de persona Villalonga, Llorenç,
Fechas asociadas al nombre 1897-1980
9 (RLIN) 114975
700 1# - ENTRADA AGREGADA--NOMBRE PERSONAL
Nombre de persona Benítez, Esther,
Fechas asociadas al nombre 1937-2001
9 (RLIN) 27600
830 0# - PUNTO DE ACCESO ADICIONAL DE SERIE-TÍTULO UNIFORME
Título uniforme Colección "Imagen de España"
9 (RLIN) 176875
852 ## - LOCALIZACIÓN
Ubicación ES-MaACL
Número de control de estantería C-33958
Existencias
Estatus retirado Estado de pérdida Estado de daño No para préstamo Biblioteca de origen Biblioteca actual Ubicación en estantería Fecha de adquisición Fuente de adquisición Total de préstamos Signatura topográfica completa Código de barras Visto por última vez Precio de reemplazo Tipo de ítem Koha
        Biblioteca del Ateneo de Madrid Biblioteca del Ateneo de Madrid Depósito 2 13/12/2019     C-33958 1201401 23/02/2023 23/02/2023 Libro impreso